| 000 | 00842nam0a22002411 4500 | ||
|---|---|---|---|
| 001 | rc\2738770 | ||
| 005 | 20260406193245.0 | ||
| 035 | _a(NLR Aleph) 006865975 | ||
| 090 |
_a6897034 _c6897034 |
||
| 100 | _a20110915d1937 |||y0rusy50 ca | ||
| 101 | 0 | _arus | |
| 102 | _aRU | ||
| 105 | _ay z ||||| | ||
| 200 | 1 |
_aИнструкция о проведении отчетно-выборных собраний советов ВОИЗ _fКрым. совет ВОИЗ |
|
| 210 |
_a[Симферополь] _c1 тип. Крымполиграфтреста _d1937 |
||
| 215 |
_a11 с. _d20х14 см. |
||
| 710 | 0 | 2 |
_aВсесоюзное общество изобретателей _9408002 _3RU\NLR\AUTH\889955944 |
| 801 | 0 |
_aRU _bNLR _gpsbo |
|
| 801 | 1 |
_aRU _bELAR _2rusmarc |
|
| 852 |
_aNLR _j37-10/3801 |
||
| 942 | _cBOOK | ||
| 980 | _aNB | ||